What's That Chinese Compound Word? #1 - Statistics

General Stats
  • This quiz has been taken 74 times
  • The average score is 11 of 20
Answer Stats
Chinese word Literal translation Actual translation % Correct
电脑 Electric brain Computer
88%
铁路 Iron road Railway
85%
去世 Leave world Die
81%
电梯 Electric stairs Elevator/Lift
80%
熊猫 Bear cat Panda
78%
面包 Dough bag Bread
69%
火车 Fire car Train
69%
手机 Hand machine Mobile phone
68%
河马 River horse Hippopotamus
64%
土豆 Soil Beans Potato
64%
酒精 Wine essence Alcohol
63%
口红 Mouth red Lipstick
54%
地铁 Ground iron Subway
51%
水牛 Water cattle Buffalo
47%
物理 Object principle Physics
44%
牛油果 Butter fruit Avocado
37%
水龙头 Water dragonhead Tap
37%
矛盾 Spear shield Contradiction
25%
插座 Plug seat Socket
17%
滑坡 Slippery slope Landslide
12%
No matching quizzes found
Score Distribution
Percent of People with Each Score
Percentile by Number Answered
Your Score History
You have not taken this quiz